Представление документа в формате RUSMARC

ПолеНазваниеЗначение
  Тип записи a
  Библиографический уровень m
001 Контрольный номер 2c973a7ed44a4de5bc3f160b2e2f7416
005 Дата корректировки 20260423135834.2
010 Индекс ISBN __
a ISBN 978-5-389-05996-2
b Уточнения в пер.
100 Данные общей обработки __
a Данные общей обработки 20260313d 0rusy0189## ca
101 Язык документа 0_
a Язык текста rus
102 Страна публикации __
a Страна публикации RU
200 Заглавие и сведения об ответственности 1_
a Заглавие Доктор Живаго
f Первые сведения об ответственности Борис Пастернак
210 Выходные данные 1_
a Место издания Санкт-Петербург
c Издательство Азбука
d Дата издания 2026
215 Физическое описание __
a Объем 603, [5] с.
225 Серия 2_
a Серия Мировая классика
333 Примечание о целевом назначении __
a Примечание о целевом назначении 16+
606 Тематические рубрики 0_
a Основная рубрика Русская литература, 20 в.
610 Ключевые слова 0_
a Ключевые слова врачи (х. л.); Гражданская война (х. л.); иностранная военная интервенция (х. л.); история России (х. л.); любовь (х. л.); поэты (х. л.); русская интеллигенция (х. л.); судьбы людей (х. л.)
686 Индексы других классификаций __
a Классификационный индекс Р2
700 Автор _1
a Фамилия Пастернак
b Имя (инициалы) Б. Л.
g Полное личное имя Борис Леонидович
702 Вторичная интеллектуальная ответственность _1
a Фамилия Матвеев
b Имя (инициалы) Г. А.
g Полное личное имя Григорий Алексеевич
4 Код отношения 320
801 Источник записи _0
a Страна RU
b Организация УОБДЮ
c Дата составления 20260313
g Правила каталогизации RCR
801 Источник записи _1
a Страна RU
b Организация УОБДЮ
c Дата составления 20260313
g Правила каталогизации RCR
830 Общее примечание каталогизатора __
a Текст примечания Ю
852 Данные о местонахождении __
i Авторский знак П 19
j Шифр хранения Р2
900 Электронные ресурсы __
a Имя электронного ресурса 593017
901 Тип документа __
t Тип документа m
905 Данные по созданию БЗ __
b Логин пользователя, который создал БЗ imm
909 Создатель записи __
b Дата создания записи 20260313